L'uomo in rivolta /

Gespeichert in:
Bibliographische Detailangaben
1. Verfasser: Camus, Albert (Verfasst von)
Format: Buch
Sprache:Italienisch
Veröffentlicht: \Milano! : Bompiani, 1994
Schriftenreihe:I grandi tascabili ; 356
Schlagworte:
Tags: Tag hinzufügen
Keine Tags, Fügen Sie das erste Tag hinzu!

MARC

LEADER 00000nam a2200000 i 4500
001 IT\ICCU\CFI\0285485
003 ItRI
005 20260216160201.0
008 941206s1994 it |||||| ||||| |||||c
015 |2 IT  |a 95-187 
020 |a 8845222055 
040 |b ita  |c Arcigay Verona 
041 7 |a ita  |2 ISO-639-2 
082 |a 303.64  |9 Guerra civile e rivoluzione.  |2 20 
100 1 |a Camus, Albert  |0 IT\ICCU\CFIV\030959  |4 aut 
240 1 2 |a L'homme révolté  |3 IT\ICCU\RAV\0050629  |9 Camus, Albert 
245 1 2 |a L'uomo in rivolta /  |c Albert Camus ; prefazione di Corrado Rosso. 
260 |a \Milano! :  |b Bompiani,  |c 1994 
300 |a XXXIII, 334 p. ;  |c 20 cm 
500 |a Trad. di Liliana Magrini. 
650 7 |a Rivoluzione 
830 2 |a I grandi tascabili ;  |v 356  |0 IT\ICCU\BVE\0034457 
942 |2 ddc  |c BK  |n 0 
952 |0 0  |1 0  |4 0  |6 303_640000000000000_CAM_UOM  |7 0  |9 32954  |a VR  |b VR  |d 2026-02-16  |i 17  |l 0  |o 303.64 CAM UOM  |p OBE-17  |r 2026-02-16 15:28:36  |w 2026-02-16  |y BK 
999 |c 28623  |d 28623